<?xml version="1.0" encoding="UTF-8"?>
<marc:record xmlns:marc="http://www.loc.gov/MARC21/slim">
   <marc:leader>00000nam a2200000 a 4500</marc:leader>
   <marc:datafield ind1="1" ind2=" " tag="100">
      <marc:subfield code="a">Kaiser, Thomas</marc:subfield>
      <marc:subfield code="4">aut</marc:subfield>
      <marc:subfield code="e">Verfasser/-in</marc:subfield>
   </marc:datafield>
   <marc:datafield ind1=" " ind2=" " tag="653">
      <marc:subfield code="a">Ratgeber</marc:subfield>
   </marc:datafield>
   <marc:datafield ind1=" " ind2=" " tag="653">
      <marc:subfield code="a">Wut</marc:subfield>
   </marc:datafield>
   <marc:datafield ind1=" " ind2=" " tag="653">
      <marc:subfield code="a">Aggression</marc:subfield>
   </marc:datafield>
   <marc:datafield ind1="0" ind2="0" tag="245">
      <marc:subfield code="a">Bleib bei mir, wenn ich wütend bin</marc:subfield>
   </marc:datafield>
   <marc:datafield ind1="0" ind2="0" tag="245">
      <marc:subfield code="b">Wut und Aggression: So helfe ich meinem Kind</marc:subfield>
   </marc:datafield>
   <marc:datafield ind1=" " ind2="1" tag="264">
      <marc:subfield code="b">Christophorus</marc:subfield>
      <marc:subfield code="c">2003</marc:subfield>
   </marc:datafield>
   <marc:datafield ind1="1" ind2=" " tag="520">
      <marc:subfield code="a">Keine Angst vor Rumpelstilzchen. Die Gefühle Wut und Aggression gehören zum Leben wie Liebe und Zärtlichkeit. Natürlich auch für die Kleinen. Denn oft genug gibts leider gute Gründe, ganz berechtigt sauer zu sein, auch als Steppke. Also raus mitder Wut! Problematisch kann es allerdings werden, wenn sich Kinder hinter einer Mauer von Wut und Gewalt zurückziehen. Leicht torpedieren sie so das Familienleben. Um einen Teufelskreis von Frustration, Aggression und elterlichem Zeigefinger zu vermeiden, hilft Autor Thomas Kaiser mit Ratschlägen und Tips: Schwierige Momente rechtzeitig entschärfen. Mit Spielen, Übungen, Geschichten und Bildern ins Gespräch mit dem kleinen Wütling kommen. Auf Traumreisen Ruhe finden und Wut in Kreativität verwandeln. Und so nicht nur in schwierigen Momenten, sondern auch auf Dauer Wege aus Wut und Aggression heraus zu finden.


</marc:subfield>
   </marc:datafield>
   <marc:datafield ind1=" " ind2=" " tag="020">
      <marc:subfield code="a">9783419533017</marc:subfield>
      <marc:subfield code="9">9783419533017</marc:subfield>
   </marc:datafield>
</marc:record>
